A chemosystematic assessment : chemical variability of selected Allium species /
Saved in:
| Main Author: | |
|---|---|
| Format: | Thesis Book |
| Language: | English |
| Published: |
2018.
|
| Subjects: | |
| Tags: |
Add Tag
No Tags, Be the first to tag this record!
|
| LEADER | 01116cam a2200301 i 4500 | ||
|---|---|---|---|
| 001 | u1101042 | ||
| 003 | SIRSI | ||
| 005 | 201811280925 | ||
| 008 | 181128s2018 my a m 000 0 eng | ||
| 040 | |a UMM |e rda | ||
| 090 | |a QD3 |b UMP 2018 Ikr | ||
| 100 | 1 | |a Ikram, Rabia, |e author. | |
| 245 | 1 | 2 | |a A chemosystematic assessment : |b chemical variability of selected Allium species / |c Rabia Ikram. |
| 264 | 1 | |c 2018. | |
| 300 | |a xviii, 171 leaves : |b illustrations ; |c 30 cm. | ||
| 336 | |a text |2 rdacontent | ||
| 337 | |a unmediated |2 rdamedia | ||
| 338 | |a volume |2 rdacarrier | ||
| 502 | |b Ph.D. |c Jabatan Kimia, Fakulti Sains, Universiti Malaya |d 2018. | ||
| 504 | |a Bibliography: leaves 114-143. | ||
| 650 | 0 | |a Allium |x Analysis. | |
| 650 | 0 | |a Essences and essential oils. | |
| 650 | 0 | |a Chemotaxonomy. | |
| 650 | 0 | |a Onions. | |
| 710 | 2 | |a Universiti Malaya. |b Jabatan Kimia, |e degree granting institution. | |
| 900 | |a NNANS | ||
| 596 | |a 1 | ||
| 999 | |a QD3 UMP 2018 IKR |w LC |c 1 |i A516413374 |f 3/12/2018 |g 1 |l STACKS |m P01UTAMA |r Y |s Y |t TESIS |u 3/12/2018 |1 STEM |o .PUBLIC. Embargoed until 12.09.2020. Released to stack 21-Sep-2020 |o .STAFF. | ||
